000 00582nam a2200241Ia 4500
003 OSt
005 20221007101309.0
006 a|||||r|||| 00| 0
007 ta
008 221006b |||||||| |||| 00| 0 eng d
024 _a6,199
037 _cTextual
040 _aLCO
_cLCO
_beng
041 _2eng
_aeng
082 _aY, K9
100 _aAUBERT V
_9702832
245 0 _aElements of sociology.
260 _aLondon
_bHeinemanne Book Ltd.
_c1969
300 _a247
650 _aSOCIOLOGY
942 _hY, K9
_cTEXL
999 _c1175762
_d1175762